Visualizzazione normale
Vista MARC
di Personal Name
Records bibliografici associati: 4
001 - CONTROL NUMBER
- control field: 21557
003 - CONTROL NUMBER IDENTIFIER
- control field: IT-RoPau
005 - DATE AND TIME OF LATEST TRANSACTION
- control field: 20140422170701.0
008 - FIXED-LENGTH DATA ELEMENTS
- fixed length control field: 140422|| aca||aabn | a|a d
040 ## - CATALOGING SOURCE
- Original cataloging agency: IT-RoPau
- Transcribing agency: IT-RoPau
100 ## - HEADING--PERSONAL NAME
- Personal name:
- Titles and other words associated with a name: osb
670 ## - SOURCE DATA FOUND
- Source citation: Work cat.: (IT-RoPau)35241: Jacques Dupont 21556, "Il testamento pastorale di S. Paolo. Il discorso di Mileto (Atti 20, 18-36) Vers. di Rosadoni", 1967